Stationen der S50 (Wien) - Statistiken

Allgemein
  • Dieses Quiz wurde 30 mal gespielt
    21 seit der letzten Aktualisierung
  • Das Durchschnittsergebnis liegt bei 13 aus 20
Antwortstatistiken
Haltestelle % Korrekt
Wien Hütteldorf
100%
Wien Penzing
94%
Wien Westbahnhof
94%
Wien Hadersdorf
83%
Neulengbach
78%
Purkersdorf Sanatorium
72%
Unterpurkersdorf
72%
Neulengbach Stadt
67%
Pressbaum
67%
Rekawinkel
67%
Tullnerbach-Pressbaum
67%
Wien Weidlingau
67%
Wien Wolf in der Au
67%
Eichgraben-Altlengbach
61%
Maria Anzbach
50%
Unteroberndorf
50%
Dürrwien
44%
Purkersdorf Zentrum
44%
Untertullnerbach
44%
Hofstatt b. M. Anzbach
22%
Keine übereinstimmenden Quizze gefunden
Verteilung der Resultate
Anzahl Personen mit jedem Resultat
Perzentil nach korrekt beantworteten Fragen
Ihre Resultats-Entwicklung
Sie haben dieses Quiz seit der letzten Aktualisierung nicht gespielt